00947nam a2200313 a 45000010005000000030009000050080041000140400028000550820019000832450066001022600069001683000010002376500026002476500027002736500028003006500016003286500026003446500018003706500019003886500022004076500020004296500020004496500025004696500023004946500029005176500022005466500030005686500035005989554CO-ViMGA141112s2004 ck r 000 u spa d aCO-ViMGAbspacCO-ViMGA04a332.4 B212 V.110aControl de cambios en Colombia : bJurisprudencia 1967 - 1987 aSantafé de Bogotá : bBanco de la República, c1987 Tomo I a381p.14aBANCO DE LA REPUBLICA14aCERTIFICADOS DE CAMBIO14aCOMPRA VENTA DE DIVISAS14aCONTRABANDO14aDEUDA PRIVADA EXTERNA14aEXPORTACIONES14aIMPORTANCIONES14aINVERSION DIRECTA14aJUNTA MONETARIA14aJUNTA MONETARIA14aMERCADO DE CAPITALES14aOFICINA DE CAMBIOS14aRESERVAS INTERNACIONALES14aSISTEMA CAMBIARIO14aSUPERINTENDENCIA BANCARIA14aSUPERINTENDENCIA DE SOCIEDADES